Fundamentals of telecommunication networks (Record no. 241154)

MARC details
000 -LEADER
fixed length control field 02499nam a22002657a 4500
005 - DATE AND TIME OF LATEST TRANSACTION
control field 20260407112837.0
008 - FIXED-LENGTH DATA ELEMENTS--GENERAL INFORMATION
fixed length control field 260407b |||||||| |||| 00| 0 eng d
020 ## - INTERNATIONAL STANDARD BOOK NUMBER
International Standard Book Number 9788126554973
040 ## - CATALOGING SOURCE
Transcribing agency AL
041 ## - LANGUAGE CODE
Language code of text/sound track or separate title eng
082 ## - DEWEY DECIMAL CLASSIFICATION NUMBER
Classification number 621.382
Item number SAAF
100 ## - MAIN ENTRY--PERSONAL NAME
Personal name Tarek N Saadawi and others
100 ## - MAIN ENTRY--PERSONAL NAME
9 (RLIN) 260462
245 ## - TITLE STATEMENT
Title Fundamentals of telecommunication networks
260 ## - PUBLICATION, DISTRIBUTION, ETC.
Place of publication, distribution, etc. New Delhi
Name of publisher, distributor, etc. Wiley
Date of publication, distribution, etc. 2015
300 ## - PHYSICAL DESCRIPTION
Extent xvii,485p
Other physical details PB
Dimensions 23x15cm
365 ## - TRADE PRICE
Source of price type code Electronics and Communication Engineering
Price type code VBI-2645
Price amount ₹896.25
Currency code
Unit of pricing ₹1195.00
Price note 25%
Price effective from 20-02-2026
440 ## - SERIES STATEMENT/ADDED ENTRY--TITLE
Title Wiley series in telecommunications and signal processing
9 (RLIN) 260463
520 ## - SUMMARY, ETC.
Summary, etc. Comprehensive, authoritative, practical--an essential guide to the design and operation of telecommunication networks The past decade has seen what can only be described as an evolutionary leap in the field of telecommunication networks. The penetration of data networks, the emergence of the integrated services digital network (ISDN) and Broadband ISDN, and the development of fast packet switching, are just some of the dramatic developments that have emerged over the past few years alone. This book was designed to function as a practical introduction to the core concepts, techniques, and methodologies underlying each of these developments and common to the design and operation of all forms of existing telecommunications networks. Key topics covered include:<br/>* The physical layer of the OSI reference model<br/>* Performance evaluation techniques<br/>* Queueing theory fundamentals and their applications to networks<br/>* Layers 2 and 3 of the OSI reference model -- including an in-depth discussion of protocol standards,routing algorithms, and flow and congestion control techniques<br/>* LAN theory, standards, and technology and multiple access communications techniques<br/>* Network interconnection and the transport layer<br/>* ISDN, Broadband ISDN, and fast packet switching theory and architecture<br/>Fundamentals of Telecommunication Networks is an invaluable resource for systems developers, engineers, and managers responsible for dealing with telecommunications networks and systems.<br/>An Instructor's Manual presenting detailed solutions to all the problems in the book is available from the Wiley editorial department.
650 ## - SUBJECT ADDED ENTRY--TOPICAL TERM
Topical term or geographic name entry element Queueing Systems
9 (RLIN) 260453
650 ## - SUBJECT ADDED ENTRY--TOPICAL TERM
Topical term or geographic name entry element Network Interconnection
9 (RLIN) 260454
650 ## - SUBJECT ADDED ENTRY--TOPICAL TERM
Topical term or geographic name entry element Transport Protocols
9 (RLIN) 260455
700 ## - ADDED ENTRY--PERSONAL NAME
Personal name Ammar, Mostafa H
9 (RLIN) 260456
700 ## - ADDED ENTRY--PERSONAL NAME
Personal name Hakeem, Ahmed El
9 (RLIN) 260457
942 ## - ADDED ENTRY ELEMENTS (KOHA)
Source of classification or shelving scheme Dewey Decimal Classification
Koha item type Book
Holdings
Withdrawn status Lost status Source of classification or shelving scheme Damaged status Not for loan Collection code Home library Current library Date acquired Source of acquisition Cost, normal purchase price Total Checkouts Full call number Barcode Date last seen Cost, replacement price Price effective from Koha item type
    Dewey Decimal Classification     Electronics and Communication Engineering St Aloysius Engineering Library St Aloysius Engineering Library 04/01/2026 Vidyarthi Books, Bengaluru-560076 896.25   621.382 SAAF SE000420 04/07/2026 1195.00 02/20/2026 Book